| 000 | 00654nam a2200229 a 4500 | ||
|---|---|---|---|
| 001 | 46803 | ||
| 003 | BD-RjUL | ||
| 005 | 20211209054215.0 | ||
| 008 | 160804s1966 pk i 000 0 eng | ||
| 035 | _a(BD-RjUL)46922 | ||
| 040 |
_aDLC _cCarP _dDLC _beng |
||
| 041 | _aeng | ||
| 082 |
_a349.5491 _bBAR 1966 |
||
| 100 | 1 |
_aBakhsh, Husain. _9142603 |
|
| 245 | 1 | 2 |
_aA referencer to civil cases, 1949 to 1965 / _cHusain Bakhsh |
| 250 | _a1st ed. | ||
| 260 |
_aLahore : _bIlmi Print. Press, _c1966 |
||
| 300 |
_a148 p. ; _c25 cm. |
||
| 650 | 0 |
_aLaw reports, digests, etc. _zPakistan _xIndexes. [from old catalog] _9142604 |
|
| 942 |
_2ddc _cBK |
||
| 999 |
_c46803 _d46803 |
||